000 00436nam a2200181Ia 4500
001 13405
005 20260306164759.0
008 260306t2012||||xx |||||||||||||| ||spa||
041 _aESP
082 _a004
_bB84 2012
100 _aBrookshear, J. Glenn
_eAUT
245 0 _aIntroducción a la computación
260 _c2012
300 _axv, 704 páginas :
_c25 cm.
650 _aGEN
654 _aCCC
942 _cLIB
_dJUS
_fJUS
_2ddc
_n
999 _c13405
_d13405